书目信息 |
| 题名: |
大学越语综合教程
|
|
| 作者: | 唐秀珍 , 李娜 , 林莉 编著 | |
| 分册: | 2 | |
| 出版信息: | 重庆 重庆大学出版社 2010.05 |
|
| 页数: | 213页 | |
| 开本: | 26cm | |
| 丛书名: | 高等学校越语专业系列教材 | |
| 单 册: | ||
| 中图分类: | H44 | |
| 科图分类: | ||
| 主题词: | 越南语--高等学校--教材 | |
| 电子资源: | ||
| ISBN: | 978-7-5624-5347-5 | |
| 000 | 00986nam0 2200277 450 | |
| 001 | 1065563421 | |
| 005 | 20101113181441.28 | |
| 010 | @a978-7-5624-5347-5@dCNY36.00 (含光盘) | |
| 010 | @a978-7-900775-89-4@b光盘 | |
| 100 | @a20101129d2010 ekmy0chiy0120 ea | |
| 101 | @achi | |
| 102 | @aCN@b510000 | |
| 105 | @ay z 000yy | |
| 200 | 1 | @a大学越语综合教程@Ada xue yue yu zong he jiao cheng@h2@f唐秀珍,李娜,林莉编著 |
| 210 | @a重庆@c重庆大学出版社@d2010.05 | |
| 215 | @a213页@d26cm@e光盘1片 | |
| 225 | 2 | @a高等学校越语专业系列教材 |
| 330 | @a故事。内容由浅入深。学生能从多方面学习掌握越南语,提高口语表达能力,为下一阶段的学习打下坚实的语言基础。另外,在第二册编者附加了几首越南歌曲,以活跃课堂气氛,满足学生需求。 | |
| 410 | @12001@a高等学校越语专业系列教材 | |
| 606 | 0 | @a越南语@x高等学校@x教材 |
| 690 | @aH44@v4 | |
| 701 | 0 | @a唐秀珍@Atang xiu zhen@4编著 |
| 701 | 0 | @a李娜@Ali na@4编著 |
| 701 | 0 | @a林莉@Alin li@4编著 |
| 801 | 0 | @aCN@c20101129 |
| 905 | @dH44@eT260:2 | |
| 大学越语综合教程.2/唐秀珍,李娜,林莉编著.-重庆:重庆大学出版社,2010.05 |
| 213页;26cm+光盘1片.-(高等学校越语专业系列教材) |
| ISBN 978-7-5624-5347-5:CNY36.00 (含光盘) |
| 故事。内容由浅入深。学生能从多方面学习掌握越南语,提高口语表达能力,为下一阶段的学习打下坚实的语言基础。另外,在第二册编者附加了几首越南歌曲,以活跃课堂气氛,满足学生需求。 |
| ● |
| 相关链接 |
|
|
|
正题名:大学越语综合教程
索取号:H44/T260:2
 
预约/预借
| 序号 | 登录号 | 条形码 | 馆藏地/架位号 | 状态 | 备注 |
| 1 | 1034171 | 210341717 | 语言库209/209语言库 135排2列6层/ [索取号:H44/T260:2] | 在馆 | |
| 2 | 1034172 | 210341726 | 语言库209/209语言库 135排2列6层/ [索取号:H44/T260:2] | 在馆 | |
| 3 | 1034173 | 210341735 | 语言库209/209语言库 135排2列6层/ [索取号:H44/T260:2] | 在馆 |